| 000 | 02328nam a2200421 a 4500 | ||
|---|---|---|---|
| 001 | ebr10203746 | ||
| 003 | CaPaEBR | ||
| 006 | m u | ||
| 007 | cr cn||||||||| | ||
| 008 | 081023s2008 dcua sb 000 0 eng d | ||
| 020 | _z9780309110464 | ||
| 020 | _z0309110467 | ||
| 040 |
_aCaPaEBR _cCaPaEBR |
||
| 035 | _a(OCoLC)290501829 | ||
| 043 | _an-us--- | ||
| 050 | 1 | 4 |
_aRA644.I6 _bI57 2008eb |
| 110 | 2 |
_aInstitute of Medicine (U.S.). _bCommittee on Personal Protective Equipment for Healthcare Workers During an Influenza Pandemic. |
|
| 245 | 1 | 0 |
_aPreparing for an influenza pandemic _h[electronic resource] : _bpersonal protective equipment for healthcare workers / _cCommittee on Personal Protective Equipment for Healthcare Workers During an Influenza Pandemic ; Board on Health Sciences Policy, Institute of Medicine ; Lewis R. Goldfrank and Catharyn T. Liverman, editors ; Institute of Medicine of the National Academies. |
| 260 |
_aWashington, D.C. : _bNational Academies Press, _c2008. |
||
| 300 |
_axiii, 191 p. : _bill. |
||
| 504 | _aIncludes bibliographical references. | ||
| 505 | 0 | _aIntroduction --- Understanding the risk of influenza to healthcare workers --- Designing and engineering effective PPE --- Using PPE: individual and institutional issues --- Certifying and regulating healthcare PPE: defining an integrated system --- Moving forward with urgency. | |
| 533 |
_aElectronic reproduction. _bPalo Alto, Calif. : _cebrary, _d2013. _nAvailable via World Wide Web. _nAccess may be limited to ebrary affiliated libraries. |
||
| 650 | 0 |
_aInfluenza _xEpidemiology. |
|
| 650 | 0 |
_aEpidemics _xPrevention. |
|
| 650 | 0 |
_aEmergency management _zUnited States. |
|
| 650 | 0 |
_aEmergency medical personnel _zUnited States _xSafety measures. |
|
| 650 | 0 | _aProtective clothing. | |
| 650 | 0 |
_aIndustrial safety _xEquipment and supplies. |
|
| 650 | 0 |
_aEmergency management _xSafety measures. |
|
| 655 | 7 |
_aElectronic books. _2local |
|
| 700 | 1 |
_aGoldfrank, Lewis R., _d1941- |
|
| 700 | 1 | _aLiverman, Catharyn T. | |
| 710 | 2 |
_aInstitute of Medicine (U.S.). _bBoard on Health Sciences Policy. |
|
| 710 | 2 | _aNational Academies Press (U.S.) | |
| 710 | 2 | _aebrary, Inc. | |
| 856 | 4 | 0 |
_uhttp://site.ebrary.com/lib/rucke/Doc?id=10203746 _zAn electronic book accessible through the World Wide Web; click to view |
| 999 |
_c121477 _d121477 |
||